000
00235nam a2200097Ia 4500
001
687156
005
20250826161550.0
008
250824s9999 xx 000 0 und d
245
0
_a
BUZ SARAYI
_c
TARJEİ VESAAS
260
_b
TİMAŞ YAYINLARI
999
_c
687156
_d
687156